Messages of freedom from the Magna Carta to the Lahore pledge (Record no. 357451)

000 -LEADER
fixed length control field 00483cam a22001217a 4500
008 - FIXED-LENGTH DATA ELEMENTS--GENERAL INFORMATION
fixed length control field 180718b1963 xxu||||| |||| 00| 0 eng d
082 ## - DEWEY DECIMAL CLASSIFICATION NUMBER
Classification number C41 AL44
245 ## - TITLE STATEMENT
Title Messages of freedom from the Magna Carta to the Lahore pledge
Statement of responsibility, etc. by Directorate of General Education Reading Material Project, Aligarh Muslim University
260 ## - PUBLICATION, DISTRIBUTION, ETC.
Place of publication, distribution, etc. Bombay
Name of publisher, distributor, etc. Asia
Date of publication, distribution, etc. 1963
300 ## - PHYSICAL DESCRIPTION
Extent 115p.
650 ## - SUBJECT ADDED ENTRY--TOPICAL TERM
Topical term or geographic name entry element Liberty
700 ## - ADDED ENTRY--PERSONAL NAME
Personal name Aligarh Muslim University. Directorate of General Education Reading Material Project
Holdings
Withdrawn status Lost status Damaged status Not for loan Permanent Location Current Location Date acquired Full call number Barcode Date last seen Price effective from Koha item type
        Indian Institute of Public Administration Indian Institute of Public Administration 1994-01-13 C41 AL44 33327 2018-07-21 2018-07-21 Book

Powered by Koha